Rambu-rambu jalan ruhani : Syarah "Al-Hikam" Syaikh Ibnu 'Athaillah As-Sakandari
| Main Author: | |
|---|---|
| Format: | Book |
| Published: |
Jakarta :
Robbani Press ,
2001
|
| Edition: | 3rd ed. |
| Subjects: |
MARC
| LEADER | 00000cam a2200000 7i4500 | ||
|---|---|---|---|
| 001 | 0000012976 | ||
| 005 | 20050628.0 | ||
| 020 | |a 9799078393 | ||
| 040 | |a INS | ||
| 090 | 0 | 0 | |a BP189. |b SA11 2001 |
| 100 | 1 | |a Sa'id Hawwa | |
| 245 | 1 | 0 | |a Rambu-rambu jalan ruhani : |b Syarah "Al-Hikam" Syaikh Ibnu 'Athaillah As-Sakandari |c Sa'id Hawwa |
| 250 | |a 3rd ed. | ||
| 260 | |a Jakarta : |b Robbani Press , |c 2001 | ||
| 300 | |a xxiiip : |b 629p ; |c 25cm. | ||
| 650 | 0 | 0 | |a Filsafat |
| 650 | 0 | 0 | |a Sufism |
| 999 | |a 0000013756 |b BOOK |c Open Shelf |e Default branch | ||